|
|
|
|
| LEADER |
00000naa2a2200000 4500 |
| 001 |
386134 |
| 005 |
20231101063437.0 |
| 035 |
|
|
|a (RuTPU)RU\TPU\prd\14604
|
| 090 |
|
|
|a 386134
|
| 100 |
|
|
|a 20030602a2003 k y0rusy50 ca
|
| 101 |
0 |
|
|a rus
|
| 102 |
|
|
|a RU
|
| 200 |
1 |
|
|a Интеллектуальные средства создания инновационных идей
|f Е. М. Кузьмина, А. М. Кузьмин
|
| 225 |
1 |
|
|a Технология развития
|
| 320 |
|
|
|a Библиогр.: 16 назв.
|
| 461 |
|
1 |
|0 (RuTPU)RU\TPU\prd\1635
|x 0130-6898
|t Методы менеджмента качества
|o научно-технический журнал
|f Всероссийская организация качества (ВОК)
|d 1999-
|
| 463 |
|
1 |
|0 (RuTPU)RU\TPU\prd\14389
|t № 5
|v С. 22-28
|d 2003
|
| 610 |
1 |
|
|a инновационные идеи
|
| 610 |
1 |
|
|a технолигия развития
|
| 610 |
1 |
|
|a интеллектуальные средства
|
| 610 |
1 |
|
|a создание
|
| 610 |
1 |
|
|a изобретательские задачи
|
| 610 |
1 |
|
|a алгоритмы решения
|
| 610 |
1 |
|
|a вепольный анализ
|
| 610 |
1 |
|
|a стандарты
|
| 700 |
|
1 |
|a Кузьмина
|b Е. М.
|
| 701 |
|
1 |
|a Кузьмин
|b А. М.
|
| 801 |
|
1 |
|a RU
|b 63413507
|c 20030602
|g PSBO
|
| 801 |
|
2 |
|a RU
|b 63413507
|c 20130520
|g RCR
|
| 942 |
|
|
|c BK
|